Personnages qui possèdent le Byakugan (Naruto) - Statistiques

Statistiques générales
  • Ce quiz a été pris 28 fois
  • Le résultat moyen est 7 sur 19
Statistiques - réponses
Première apparition Personnage % Correct
Naruto Hinata Hyuga
100%
Naruto Neji Hyuga
100%
Boruto Himawari Uzumaki
81%
Naruto Hanabi Hyuga
67%
Naruto Shippuden Kaguya Otsutsuki
67%
Naruto Hiashi Hyuga
59%
Naruto Hizashi Hyuga
48%
Boruto Momoshiki Otsutsuki
41%
Naruto Shippuden Ao
26%
Naruto Shippuden Hamura Otsutsuki
26%
Boruto Kinshiki Otsutsuki
26%
Boruto Toneri Otsutsuki
22%
Boruto Isshiki Otsutsuki
19%
Boruto Shibai Ôtsutsuki
15%
Boruto Urashiki Ôtsutsuki
15%
Naruto Shippuden Ko Hyuga
11%
Naruto Shippuden Hoheto Hyuga
4%
Naruto Shippuden Tokuma Hyuga
4%
Naruto Shippuden Iroha Hyuga
0%
Aucun quiz correspondant
Distribution des résultats
% des personnes avec chaque résultat
Percentile par nombre de réponses
Votre historique - résultats
Vous n’avez pas pris ce quiz